Thanh lọc giống lúa mùa một bụi đỏ theo hướng phẩm chất tốt cho vùng lúa - tôm huyện Hồng Dân tỉnh Bạc Liêu : Luận văn thạc sỹ khoa học nông nghiệp chuyên ngành trồng trọt

Đề tài được thực hiện nhằm : tuyển chọn 1-2 dòng lúa Một bụi đỏ thuần phẩm chất tốt, có hàm lượng amylose thấp, hàm lượng protein cao thích nghi điều kiện canh tác lúa - tôm của huyện Hồng Dân....

Cijeli opis

Spremljeno u:
Bibliografski detalji
Glavni autor: Đặng, Nguyệt Quế
Format: Knjiga
Jezik:Undetermined
Izdano: Cần Thơ Trường Đại học Cần Thơ 2011
Teme:
Oznake: Dodaj oznaku
Bez oznaka, Budi prvi tko označuje ovaj zapis!
Thư viện lưu trữ: Trung tâm Học liệu Trường Đại học Cần Thơ
LEADER 01249nam a2200229Ia 4500
001 CTU_173717
008 210402s9999 xx 000 0 und d
082 |a 633.18 
082 |b Qu250 
088 |a 606201 
100 |a Đặng, Nguyệt Quế 
245 0 |a Thanh lọc giống lúa mùa một bụi đỏ theo hướng phẩm chất tốt cho vùng lúa - tôm huyện Hồng Dân tỉnh Bạc Liêu : 
245 0 |b Luận văn thạc sỹ khoa học nông nghiệp chuyên ngành trồng trọt 
245 0 |c Đặng Nguyệt Quế ; Võ Công Thành ( người hướng dẫn khoa học) 
260 |a Cần Thơ 
260 |b Trường Đại học Cần Thơ 
260 |c 2011 
520 |a Đề tài được thực hiện nhằm : tuyển chọn 1-2 dòng lúa Một bụi đỏ thuần phẩm chất tốt, có hàm lượng amylose thấp, hàm lượng protein cao thích nghi điều kiện canh tác lúa - tôm của huyện Hồng Dân. 
650 |a Rice,Cây lúa 
650 |x Research,Nghiên cứu 
904 |i thúy phượng,Hải 
980 |a Trung tâm Học liệu Trường Đại học Cần Thơ